Person to person : (رقم التسجيلة. 40446)

تفاصيل مارك
000 -الفاتح
حقل البيانات ثابتة الطول 01497cam a2200349 a 4500
001 - رقم الضبط
رقم الضبط 13809875
003 - محدد رقم الضبط
رقم الضبط OSt
005 - وقت وتاريخ اخر تعامل مع التسجيلة
رقم الضبط 20170803223043.0
008 - عناصر البيانات ثابتة الطول - معلومات عامة
حقل البيانات ثابتة الطول 041208s2006 nyua 000 0 eng
010 ## - رقم ضبط مكتبة الكونجرس
رقم ضبط مكتبة الكونجرس 2004065481
020 ## - الرقم الدولى المعيارى للكتب
الرقم الدولى المعيارى للكتاب 9780194302098
040 ## - مصدر الفهرسة
وكالة الفهرسة الأصلية DLC
وكالة النسخ DLC
وكالة التعديل DLC
050 00 - رقم طلب مكتبة الكونجرس
رقم التصنيف PE1128
رقم المادة .R46 2005
082 00 - رقم تصنيف ديوى العشرى
رقم التصنيف 428.34
رقم الطبعة 22
رقم المادة RJP
100 1# - المدخل الرئيسى - إسم شخصى
الإسم الشخصى Richards, Jack C.,
التواريخ المصاحبة للاسم 1943-
9 (RLIN) 50728
245 10 - بيان العنوان
العنوان Person to person :
بقية العنوان communicative speaking and listening skills /
بيان المسئوليه,etc Jack C. Richards, David Bycina, Ingrid Wisniewska.
250 ## - بيان الطبعة
بيان الطبعة 3rd ed.
260 ## - PUBLICATION, DISTRIBUTION, ETC. (IMPRINT)
مكان الناشر او الموزع New York :
اسم الناشر او الموزع Oxford,
تاريخ النشر أو التوزيع 2006.
300 ## - الوصف المادى
التعداد v, 124 p. :
تفاصيل ماديه اخرى للوعاء ill. (some col.) ;
أبعاد الوعاء 28 cm. +
المادة المصاحبة 1 sound disc (4 3/4 in.)
500 ## - تبصرة عامة
تبصرة عامة Rev. ed. of: New person to person student book. New York : Oxford University Press, c1995-
505 0# - تبصرة محتويات-الفهرس
تبصرة المحتويات المصاغة Student book 1 -- Student book 2.
650 #0 - المدخل الاضافى بالموضوع-مصطلح موضوعى
مصطلح موضوعي أو اسم جغرافي كعنصر مدخل English language
التقسيم الفرعي الشكلي Textbooks for foreign speakers.
9 (RLIN) 58563
650 #0 - المدخل الاضافى بالموضوع-مصطلح موضوعى
مصطلح موضوعي أو اسم جغرافي كعنصر مدخل English language
التقسيم الفرعي العام Spoken English
التقسيم الفرعي الشكلي Problems, exercises, etc.
9 (RLIN) 5078
650 #0 - المدخل الاضافى بالموضوع-مصطلح موضوعى
مصطلح موضوعي أو اسم جغرافي كعنصر مدخل Oral communication
التقسيم الفرعي الشكلي Problems, exercises, etc.
9 (RLIN) 5079
650 #0 - المدخل الاضافى بالموضوع-مصطلح موضوعى
مصطلح موضوعي أو اسم جغرافي كعنصر مدخل Listening
التقسيم الفرعي الشكلي Problems, exercises, etc.
9 (RLIN) 5080
700 1# - المدخل الاضافى - اسم شخصى
الإسم الشخصى Bycina, David.
9 (RLIN) 58564
700 1# - المدخل الاضافى - اسم شخصى
الإسم الشخصى Wisniewska, Ingrid.
9 (RLIN) 58565
700 1# - المدخل الاضافى - اسم شخصى
الإسم الشخصى Richards, Jack C.,
التواريخ المصاحبة للاسم 1943-
عنوان العمل New person to person student book.
9 (RLIN) 58566
906 ## - عنصر بيانات محلى F, LDF (RLIN)
a 7
b cbc
c orignew
d 1
e ocip
f 20
g y-gencatlg
942 ## - عناصر المدخل الإضافي( كوها)
مصدر التصنيف او مخطط الترفيف Dewey Decimal Classification
Koha [default] item type كتاب
المقتنيات
حالة الفقد نموذج السعر الفعال حالة تلف ليس للاعارة رقم الطلب تاريخ الاكتساب الموقع الحالي الباركود الفرع الرئيسي Date last seen نوع المادة فى نظام كوها مصدر التصنيف او خطة الترفيف Total Checkouts Date last checked out Total Renewals
  2017-08-03     428.34 RJP 2017-08-03 المكتبة المركزية بالمجمعة (CL) 00656239 المكتبة المركزية بالمجمعة (CL) 2017-08-03 كتاب Dewey Decimal Classification      
  2017-08-03     428.34 RJP 2017-08-03 المكتبة المركزية بالمجمعة (CL) 00656240 المكتبة المركزية بالمجمعة (CL) 2017-08-03 كتاب Dewey Decimal Classification      
  2017-08-03     428.34 RJP 2017-08-03 المكتبة المركزية بالمجمعة (CL) 00656241 المكتبة المركزية بالمجمعة (CL) 2017-08-03 كتاب Dewey Decimal Classification      
  2019-08-21     428.34 RJP 2019-08-21 مكتبة كلية التربية بالزلفى - طالبات (EZF) 00157415 مكتبة كلية التربية بالزلفى - طالبات (EZF) 2019-08-21 كتاب Dewey Decimal Classification      
  2019-08-21     428.34 RJP 2019-08-21 مكتبة كلية التربية بالزلفى - طالبات (EZF) 00157416 مكتبة كلية التربية بالزلفى - طالبات (EZF) 2023-06-20 كتاب Dewey Decimal Classification 1 2021-11-02 1
  2019-08-21     428.34 RJP 2019-08-21 مكتبة كلية التمريض - طلاب (CNM) 00157417 مكتبة كلية التمريض - طلاب (CNM) 2023-10-19 كتاب Dewey Decimal Classification 1 2023-09-18 1
  2017-08-04     428.34 RJP 2017-08-04 مكتبة كلية العلوم و الدراسات الإنسانية برماح - طالبات (SRF) 00656595 مكتبة كلية العلوم و الدراسات الإنسانية برماح - طالبات (SRF) 2018-03-26 كتاب Dewey Decimal Classification 2 2018-03-11  
  2017-08-04     428.34 RJP 2017-08-04 مكتبة كلية العلوم و الدراسات الإنسانية برماح - طالبات (SRF) 00656596 مكتبة كلية العلوم و الدراسات الإنسانية برماح - طالبات (SRF) 2018-09-13 كتاب Dewey Decimal Classification 1 2018-09-10  
  2017-08-04     428.34 RJP 2017-08-04 مكتبة كلية العلوم و الدراسات الإنسانية برماح - طلاب (SRM) 00656597 مكتبة كلية العلوم و الدراسات الإنسانية برماح - طلاب (SRM) 2017-08-04 كتاب Dewey Decimal Classification      
  2017-08-04     428.34 RJP 2017-08-04 مكتبة كلية العلوم و الدراسات الإنسانية برماح - طلاب (SRM) 00656598 مكتبة كلية العلوم و الدراسات الإنسانية برماح - طلاب (SRM) 2017-08-04 كتاب Dewey Decimal Classification      
  2019-08-21     428.34 RJP 2019-08-21 مكتبة مجمع الطالبات بالمجمعة (EMF) 00157411 مكتبة مجمع الطالبات بالمجمعة (EMF) 2019-08-21 كتاب Dewey Decimal Classification      
  2019-08-21     428.34 RJP 2019-08-21 مكتبة مجمع الطالبات بالمجمعة (EMF) 00157412 مكتبة مجمع الطالبات بالمجمعة (EMF) 2019-08-21 كتاب Dewey Decimal Classification      
  2019-08-21     428.34 RJP 2019-08-21 مكتبة مجمع الكليات بالزلفى - طلاب (SZM) 00157413 مكتبة مجمع الكليات بالزلفى - طلاب (SZM) 2019-08-21 كتاب Dewey Decimal Classification      
  2019-08-21     428.34 RJP 2019-08-21 مكتبة مجمع الكليات بالزلفى - طلاب (SZM) 00157414 مكتبة مجمع الكليات بالزلفى - طلاب (SZM) 2019-08-21 كتاب Dewey Decimal Classification